000 00290nam a22001337a 4500
003 SGT
082 _a346.066,RAM
100 _aRAMAIYA,A
245 _aGUIDE TO THE COMPANIES ACT
260 _aNAGPUR
_bWADHWA & COMPANY
_c1988
300 _a2333
650 _aCOMPANIES ACT
942 _2ddc
_cBK
999 _c10930
_d10930